[Event "Alvise Zichichi mem 7th"]
[Site "Ladispoli"]
[Date "2009.09.27"]
[Round "7"]
[White "Masciolini, Giovanni"]
[Black "Fasulo, Marco"]
[Result "0-1"]
[WhiteElo "1583"]
[BlackElo "1616"]
[PlyCount "106"]
[EventDate "2009.09.19"]
[EventType "swiss"]
[EventRounds "8"]
[EventCountry "ITA"]
[SourceTitle "EXT 2012"]
[Source "ChessBase"]
[SourceDate "2011.11.24"]
[SourceVersion "1"]
[SourceVersionDate "2011.11.24"]
[SourceQuality "1"]

1. c4 g6 2. Nc3 Bg7 3. g3 c6 4. Bg2 e6 5. Nf3 Ne7 6. d3 0-0 7. Be3 Nf5 8. Bg5 f6 9. Bd2 e5 10. 0-0 d6 11. b4 Be6 12. b5 cxb5 13. Nxb5 a6 14. Nc3 Nc6 15. Rb1 Rb8 16. Na4 b5 17. cxb5 axb5 18. Nc3 b4 19. Ne4 Bxa2 20. Rb2 b3 21. Bc3 Qb6 22. Ned2 Ncd4 23. e3 Nc2 24. Ne1 Nfxe3 25. fxe3 Nxe3 26. Qe2 Nd1+ 27. Kh1 Nxc3 28. Qf3 Na4 29. Nc4 Qd4 30. Rd2 d5 31. Qxd5+ Qxd5 32. Bxd5+ Kh8 33. Nb2 Nxb2 34. Rxb2 f5 35. Rxa2 bxa2 36. Bxa2 Rb2 37. Bc4 Ra8 38. Ng2 Rc8 39. Ra1 h5 40. Nh4 Kh7 41. Ra6 e4 42. Ra1 exd3 43. Bxd3 Rd8 44. Bf1 Rxh2+ 45. Kxh2 Bxa1 46. Kh3 Rd2 47. Nf3 Rf2 48. Ng5+ Kg7 49. Bc4 Kf6 50. Nh7+ Kg7 51. Ng5 Bf6 52. Ne6+ Kh6 53. Bd3 g5 0-1

[Event "Alvise Zichichi mem 7th"]
[Site "Ladispoli"]
[Date "2009.09.19"]
[Round "2"]
[White "Mecali, Antonello"]
[Black "Masciolini, Giovanni"]
[Result "1/2-1/2"]
[WhiteElo "1826"]
[BlackElo "1583"]
[PlyCount "56"]
[EventDate "2009.09.19"]
[EventType "swiss"]
[EventRounds "8"]
[EventCountry "ITA"]
[SourceTitle "EXT 2012"]
[Source "ChessBase"]
[SourceDate "2011.11.24"]
[SourceVersion "1"]
[SourceVersionDate "2011.11.24"]
[SourceQuality "1"]

1. c4 e6 2. Nf3 Nf6 3. g3 d5 4. cxd5 exd5 5. Bg2 Be7 6. 0-0 0-0 7. d4 c6 8. Nc3 Bf5 9. Re1 Nbd7 10. Nh4 Be6 11. Qc2 Re8 12. Nf5 Bf8 13. Bd2 g6 14. Nh4 Bg7 15. e3 Nf8 16. Na4 N8d7 17. Bb4 Rc8 18. Rac1 Ne4 19. b3 Bf8 20. Bxf8 Kxf8 21. Re2 Qa5 22. Nc3 Nxc3 23. Qxc3 Qxc3 24. Rxc3 Nf6 25. Nf3 Ne4 26. Rc1 Bf5 27. Nd2 Nxd2 28. Rxd2 Be4 1/2-1/2

[Event "Zichichi Memorial"]
[Site "Ladispoli"]
[Date "2008.05.??"]
[Round "5"]
[White "Placchetta, Omero"]
[Black "Masciolini, Giovanni"]
[Result "0-1"]
[WhiteElo "1622"]
[BlackElo "1685"]
[PlyCount "108"]
[EventDate "2008.05.01"]
[EventType "swiss"]
[EventRounds "7"]
[EventCountry "ITA"]
[SourceTitle "EXT 2009"]
[Source "ChessBase"]
[SourceDate "2008.11.26"]
[SourceVersion "1"]
[SourceVersionDate "2008.11.26"]
[SourceQuality "1"]

1. e4 d6 2. d4 Nf6 3. Nc3 g6 4. Nf3 Bg7 5. Bg5 c6 6. Be2 b5 7. Bxf6 exf6 8. 0-0 0-0 9. h3 f5 10. e5 dxe5 11. Nxe5 Qc7 12. Nf3 Be6 13. Nb1 c5 14. c3 Rd8 15. Na3 a6 16. Nc2 Nc6 17. Qc1 cxd4 18. Nfxd4 Nxd4 19. Nxd4 Bxd4 20. cxd4 Qxc1 21. Rfxc1 Rxd4 22. Rd1 Rad8 23. b3 f4 24. Bf3 g5 25. Rxd4 Rxd4 26. Rd1 Rxd1+ 27. Bxd1 b4 28. Kf1 Bf5 29. Ke2 Kg7 30. Kd2 Kf6 31. Be2 a5 32. Bd3 f3 33. g4 Bxd3 34. Kxd3 Ke5 35. Ke3 h6 36. Kd3 Kf4 37. Kd4 f5 38. gxf5 Kxf5 39. Ke3 Ke5 40. Kxf3 Kd4 41. Kg4 Kc3 42. h4 Kb2 43. hxg5 hxg5 44. Kxg5 Kxa2 45. f4 a4 46. bxa4 b3 47. f5 b2 48. a5 b1Q 49. a6 Qg1+ 50. Kf6 Qb6+ 51. Ke7 Qa7+ 52. Kf6 Qxa6+ 53. Kg5 Qc8 54. f6 Qf8 0-1